00744nam a22001575i 4500001000700000003000900007005001700016008004100033100003400074245014700108250012100255260007600376300002000452630004300472852007100515169501ES-MaACL20250724063437.0081001s1683 fr |||| | lat d1 aVinnius, Arnoldus,d1588-165710aArnoldi Vinnij J.C. praestantissimi In quatuor libros institutionum imperialium commentarius academicus & forensis : Tomus primus [-secundus]. aEditio novissima et emendatissima / authoris notis antea seorsim impressis aucta et adornata duobus distincta tomis. aLugduni : bsumpt. Anissoniorum, Joan. Possuel & Claudij Rigaud,c1683. a2 v. ; c21 cm.07aCorpus juris civilis.pInstitutiones2 aES-MaACLjArmario 18 q.- Tomo I, sin portada xOlim: G-12727-28